Spam A - Statistics

General Stats
  • This quiz has been taken 753 times
  • The average score is 27 of 40
Answer Stats
Answer % Correct
SPAM A A
99%
AA
99%
AAA
99%
AAAA
99%
AAAAAA
99%
AAAAAAA
99%
AAAAA
98%
AAAAAAAA
98%
AAAAAAAAA
97%
AAAAAAAAAA
97%
AAAAAAAAAAA
96%
AAAAAAAAAAAA
96%
AAAAAAAAAAAAA
95%
AAAAAAAAAAAAAA
95%
AAAAAAAAAAAAAAA
95%
AAAAAAAAAAAAAAAA
94%
AAAAAAAAAAAAAAAAA
94%
AAAAAAAAAAAAAAAAAA
93%
.AAAAAAAAAAAAAAAAAAA
92%
AAAAAAAAAAAAAAAAAAAA
91%
SPAM CD CD
85%
CDCD
82%
CDCDCD
79%
CDCDCDCD
78%
CDCDCDCDCD
72%
CDCDCDCDCDCD
64%
CDCDCDCDCDCDCD
59%
CDCDCDCDCDCDCDCD
50%
CDCDCDCDCDCDCDCDCD
39%
CDCDCDCDCDCDCDCDCDCD
31%
CDCDCDCDCDCDCDCDCDCDCD
24%
CDCDCDCDCDCDCDCDCDCDCDCD
18%
CDCDCDCDCDCDCDCDCDCDCDCDCD
13%
CDCDCDCDCDCDCDCDCDCDCDCDCDCD
9%
CDCDCDCDCDCDCDCDCDCDCDCDCDCDCD
9%
SPAM QWERTY QWERTY
7%
QWERTYQWERTY
6%
QWERTYQWERTYQWERTY
6%
QWERTYQWERTYQWERTYQWERTY
5%
QWERTYQWERTYQWERTYQWERTYQWERTY
5%
No matching quizzes found
Score Distribution
Percent of People with Each Score
Percentile by Number Answered
Your Score History
You have not taken this quiz